000 00213nam a22000857a 4500
008 161124b xxu||||| |||| 00| 0 eng d
100 _91371
_aBPI India
245 _aThe Blue Jackal
260 _aNew Delhi
_bBPI India
_c2011
999 _c4085
_d4085